Optimum Nitrogen Dose and Time of Application for Rabi Hybrid Maize (Record no. 50341)

MARC details
000 -LEADER
fixed length control field 00419nam a22001577a 4500
003 - CONTROL NUMBER IDENTIFIER
control field OSt
008 - FIXED-LENGTH DATA ELEMENTS--GENERAL INFORMATION
fixed length control field 260430b |||||||| |||| 00| 0 eng d
082 ## - DEWEY DECIMAL CLASSIFICATION NUMBER
Classification number 633.17
Item number S660
100 ## - MAIN ENTRY--PERSONAL NAME
Personal name Srivastava, Ashok Prasad
245 ## - TITLE STATEMENT
Title Optimum Nitrogen Dose and Time of Application for Rabi Hybrid Maize
260 ## - PUBLICATION, DISTRIBUTION, ETC. (IMPRINT)
Place of publication, distribution, etc Pusa, Samastipur
Name of publisher, distributor, etc RAU
Date of publication, distribution, etc 1975
300 ## - PHYSICAL DESCRIPTION
Extent 110P.
502 ## - DISSERTATION NOTE
Degree type Msc.
Year degree granted 1975
650 ## - SUBJECT ADDED ENTRY--TOPICAL TERM
Topical term or geographic name as entry element Agronomy
942 ## - ADDED ENTRY ELEMENTS (KOHA)
Source of classification or shelving scheme
Koha item type Thesis

No items available.

Hosted, Implemented, Customized & Maintained by: BestBookBuddies

Powered by Koha